Statystyki dla Najlepsi piłkarze na świecie

Kliknij tutaj aby rozwiązać quiz!

Ogólne statystyki

  • Ten quiz został rozwiązany 197 razy
  • Średni wynik to 13 z 15

Statystyki odpowiedzi

NarodowośćKlubPiłkarz% Poprawnych
PortugaliaAl-NassrCristiano Ronaldo
99%
ArgentynaPSGLionel Messi
99%
FrancjaPSGKylian Mbappé
98%
BrazyliaPSGNeymar Júnior
97%
PolskaFC BarcelonaRobert Lewandowski
97%
NorwegiaManchester CityErling Haaland
93%
BelgiaManchester CityKevin de Bruyne
92%
EgiptLiverpoolMohamed Salah
92%
AngliaTotenhamHarry Kane
88%
FrancjaReal MadrytKarim Benzema
83%
Korea PołudniowaTotenhamSon Hueng-Min
81%
SenegalBayernSadio Mané
77%
HolandiaLiverpoolVirgil van Dijk
77%
UrugwajGrêmioLuis Suárez
72%
GabonChelseaPierre-Emerick Aubameyang
47%

Rozkład punktacji

Percentyl według liczby udzielonych odpowiedzi

Procent ludzi z każdym wynikiem

Twoja historia wyników

Nie rozwiązałeś tego quizu